Normal view
MARC view
- تاليف الاسيوطي عبد الرحمن؛تحقيق عبد الكريم المدرس
Entry Personal Name
001 - CONTROL NUMBER
- control field: 8113
003 - CONTROL NUMBER IDENTIFIER
- control field: JO-AjAnu
005 - DATE AND TIME OF LATEST TRANSACTION
- control field: 20230606071617.0
008 - FIXED-LENGTH DATA ELEMENTS
- fixed length control field: 230606|| aca||aabn | a|a d
040 ## - CATALOGING SOURCE
- Original cataloging agency: JO-AjAnu
- Transcribing agency: JO-AjAnu
100 ## - HEADING--PERSONAL NAME
- Personal name: تاليف الاسيوطي عبد الرحمن؛تحقيق عبد الكريم المدرس
670 ## - SOURCE DATA FOUND
- Source citation: Work cat.: (JO-AjAnu)4190: تاليف الاسيوطي عبد الرحمن؛تحقيق عبد الكريم المدرس, author, الفرائد الجديدة: تحتوي على نظم الفريدة وشرحها المطالع السعيدة وكلاهما للشيخ عبد الرحمن الاسيوطي